A.C network analysis by symbolic algebra. (Record no. 545347)
[ view plain ]
| 000 -LEADER | |
|---|---|
| fixed length control field | 00380nam a22001337a 4500 |
| 082 ## - DEWEY DECIMAL CLASSIFICATION NUMBER | |
| Classification number | 621.3 |
| Author Mark | MIL |
| -- | L-9, P-5 |
| 100 ## - MAIN ENTRY--PERSONAL NAME | |
| Personal name | Miller, W.H. |
| 9 (RLIN) | 41167 |
| 245 ## - TITLE STATEMENT | |
| Title | A.C network analysis by symbolic algebra. |
| 260 ## - PUBLICATION, DISTRIBUTION, ETC. | |
| Place of publication, distribution, etc. | The Great Britain |
| Name of publisher, distributor, etc. | Alden Press (Oxford) |
| 300 ## - PHYSICAL DESCRIPTION | |
| Extent | 41 p. : |
| Other physical details | ill. : |
| Dimensions | 6 Cm |
| 526 ## - STUDY PROGRAM INFORMATION NOTE | |
| Program name | 0 |
| Interest level | 0 |
| Reading level | 0 |
| Title point value | 621_300000000000000_MIL |
| 650 ## - SUBJECT ADDED ENTRY--TOPICAL TERM | |
| Topical term or geographic name entry element | MCE |
| 9 (RLIN) | 379 |
| 942 ## - ADDED ENTRY ELEMENTS (KOHA) | |
| Source of classification or shelving scheme | |
| Koha item type | Book |
| Withdrawn status | Lost status | Source of classification or shelving scheme | Damaged status | Not for loan | Permanent Location | Current Location | Date acquired | Total Checkouts | Full call number | Barcode | Date last seen | Price effective from | Koha item type |
|---|---|---|---|---|---|---|---|---|---|---|---|---|---|
| Military College of Engineering (MCE) | Military College of Engineering (MCE) | 05/21/2014 | 621.3 MIL | MCE-30101 | 05/21/2014 | 05/21/2014 | Book |
